Climatic design : enery-efficient building principles and practice / Donald Watson, Kenneth Labs. (Record no. 3058)

000 -LEADER
fixed length control field 00629nam a22001817a 4500
020 ## - INTERNATIONAL STANDARD BOOK NUMBER
ISBN 007068488X
082 ## - DEWEY DECIMAL CLASSIFICATION NUMBER
Classification number 697.9
Item number W3371 1983
100 ## - MAIN ENTRY--AUTHOR NAME
Personal name Watson, Donald, author.
245 ## - TITLE STATEMENT
Title Climatic design : enery-efficient building principles and practice / Donald Watson, Kenneth Labs.
260 ## - PUBLICATION, DISTRIBUTION, ETC. (IMPRINT)
Place of publication New York :
Name of publisher McGraw-Hill,
Year of publication c1983.
300 ## - PHYSICAL DESCRIPTION
Number of Pages vi, 288 pages :
Other physical details illustrations ; 29 cm.
500 ## - GENERAL NOTE
General note Includes bibliographical references and index.
650 ## - SUBJECT ADDED ENTRY--TOPICAL TERM
Topical Term Building-Energy conservation.
650 ## - SUBJECT ADDED ENTRY--TOPICAL TERM
Topical Term Solar energy – Passive systems.
650 ## - SUBJECT ADDED ENTRY--TOPICAL TERM
Topical Term Architecture and climate.
700 ## - ADDED ENTRY--PERSONAL NAME
Personal name Labs, Kenneth
942 ## - ADDED ENTRY ELEMENTS (KOHA)
Koha item type Books
Holdings
Source of acquisition Permanent Location Date acquired Koha item type Collection code Accession Number Lost status Shelving location Withdrawn status Current Location Full call number
SchoolCagayan State University - Carig Library2015-01-07BooksApplied Sciences006607 General Collection Cagayan State University - Carig Library697.9 W3371 1983

Cagayan State University University Library, Carig Campus
Tuguegarao City, Cagayan 3500 | www.csucarig.edu.ph

Powered by Koha